000 00454nam a2200193Ia 4500
005 20250603144620.0
008 250603s9999 xx 000 0 und d
020 _a9780136113508
050 _aHF 1017 .G73/
100 _aGroebner, David F.
245 0 _aBusiness statistics : a decision-making approach
250 _a8th ed.
260 _aBoston
260 _bPearson
260 _c2011
300 _a936 p
650 _aBoston
942 _cBK
999 _c39444
_d39444